| 000 | 00713nam a2200205 a 4500 | ||
|---|---|---|---|
| 001 | 000017050 | ||
| 005 | 20250624095821.0 | ||
| 008 | 100316s1976 dr 000 0 spa d | ||
| 040 |
_aDO-SdBNP _bspa _cBNPHU |
||
| 082 |
_a610.6952 _bZ18g |
||
| 100 | 1 |
_aZaglul, Antonio, _d1920-1996 _969657 |
|
| 245 | 1 | 0 |
_aGalería de médicos dominicanos / _cAntonio Zaglul ; prólogo Guarocuya Batista del Villar. |
| 260 |
_aSanto Domingo : _bTaller, _c1976. |
||
| 300 |
_a198 p. ; _c20 cm. |
||
| 504 | _aIncluye bibliografías (p. 193-195) | ||
| 650 | 4 |
_aMédicos dominicanos _918220 |
|
| 650 | 4 |
_aMédicos _xBiografías _zRepública Dominicana _937626 |
|
| 700 | 1 |
_aBatista del Villar, Guarocuya _epról. _920408 |
|
| 049 | _aBNPD | ||
| 999 |
_c16576 _d16576 |
||